000 01305nam a2200349 i 4500
001 000048315
003 DO-SdBNP
005 20260521073717.0
007 ta
008 190123s2014 dr 000 0 spa d
020 _a9789945904802
040 _aDO-SdBNP
_bspa
_cBNPHU
_erda
082 4 _a972.9
_bS225p
_222
100 1 _aSang, Mu-Kien A.
_d1955-
_q(Mu-Kien Adriana)
_eautora
_9331
245 1 0 _aPensando el caribe /
_cMu-Kien Adriana Sang Ben ; prólogo Manuel Estrella.
264 1 _aSanto Domingo :
_bCaribe,
_c2014.
300 _avolumen
_c23 cm.
336 _2rdacontent
_atexto
_btxt
337 _2rdamedia
_asin mediación
_bn
338 _2rdacarrier
_avolumen
_bnc
500 _aLa biblioteca posee el volumen 1
500 _aIncluye referencias bibliográficas y notas a pie de las páginas
500 _aArtículos publicados en la columna semanal del periódico el Caribe durante los años 2012, 2013 y 2014
504 _aBibliografía p: 365-371
590 _aInventariado, 2019/ YL
651 1 4 _aCaribe (Región)
_xPolitica y gobierno
_975736
651 4 _aCaribe (Región)
_xHistoria
_975737
700 1 2 _aEstrella, Manuel
_eprológo
_975738
730 0 _aCaribe (Santo Domingo, República Dominicana)
_983200
910 _aYLockward /Validado. 2022/ MFF
942 _2ddc
_cLBS1
999 _c47803
_d47803